Normal view
MARC view
Entry Personal Name
001 - CONTROL NUMBER
- control field: 507012
003 - CONTROL NUMBER IDENTIFIER
- control field: OSt
005 - DATE AND TIME OF LATEST TRANSACTION
- control field: 20220928144120.0
008 - FIXED-LENGTH DATA ELEMENTS
- fixed length control field: 220928|| aca||aabn | a|a d
040 ## - CATALOGING SOURCE
- Original cataloging agency: OSt
- Transcribing agency: OSt
100 ## - HEADING--PERSONAL NAME
- Personal name: Kunhan Raja C
670 ## - SOURCE DATA FOUND
- Source citation: Work cat.: (OSt)826291: Kunhan Raja C, Asya vamasya hymn., 1956
